00921nam a22002297a 4500003000200000005001700002008004100019050002800060100002800088245008600116260009000202300003500292504004300327650002800370650003000398650001500428650003200443650002300475942001400498999001900512952016000531020250129100245.0150826b xxu||||| |||| 00| 0 eng d aPGS TP 368b.An581 2015 aAng, Jethro Anthony T.  aUse of different fruits as alternative source of energy /cJethro Anthony T. Ang. aLas Piñas City, Philippines :bSouthville International School and Colleges,c2015. a18 p. :bill. ;c28 cm. fPASS aIncludes bibliographical references.  aFruitsvEnergy content. aRenewable energy sources. aBioenergy. aAlternative energy sources. aFruitsvChemistry. 2lcccPASS c288512d288512 00102lcc4071aLUXbLUXcPASSd2015-08-26eDONATIONl0oPGS TP 368 .An581 2015pP3390r2019-11-28 00:00:00w2015-08-26yPASSzBe Amazing, Be Southville!